Holiday Quiz

Random Holiday or Nation Quiz

4th of July by Any Category Quiz Stats

 Plays Quiz Updated Jul 4, 2019

Score 0/15 Timer 05:00
2 Plays Today
Question Answer Wrong Answers
Holiday
Which of these U.S. Holidays is NOT celebrated as a Monday Holiday?
Independence Day
81.5%
President's Day
5.9%
Memorial Day
3.3%
Labor Day
3.6%
Movies
Who was the star of the movie 'Born on the 4th of July'?
Tom Cruise
81.1%
Kris Kristofferson
5.4%
John Travolta
5.2%
Tom Selleck
6.6%
Sports
Which major tennis tournament is traditionally played in the weeks around the 4th of July?
Wimbledon
78.7%
U.S. Open
15%
French Open
4.3%
Australian Open
1.9%
Science
On which planet did NASA's Pathfinder space probe land on July 4, 1997?
Mars
78.4%
Earth
3.5%
Pluto
4.8%
Saturn
8.8%
Television
What 2015 3-night miniseries on History depicted events leading to the signing of the Declaration of Independence?
Sons of Liberty
77.3%
Roots
3.4%
War and Remembrance
10.6%
Path to War
6.2%
Religion
Which of the following is NOT mentioned in the Declaration of Independence?
Jesus Christ
77.1%
God
6.8%
Creator
4.7%
Divine Providence
5.9%
Music
A version of which of the following songs was sung during the American Revolution?
Yankee Doodle
66.7%
Star-Spangled Banner
13.6%
America the Beautiful
5.8%
When Johnny Comes Marching Home
12.9%
Entertainment
Which of the following is a quote from Will Smith's character in the movie 'Independence Day'?
'Welcome to Earth!'
63.7%
'The Force is strong in this one'
4.1%
'Lock phasers on target'
4%
'I make this look good.'
23%
Geography
Declaration of Independence signers John Adams, Samuel Adams, John Hancock, Robert Treat Paine, and Elbridge Gerry represented what state?
Massachusetts
62.1%
Virginia
16%
Pennsylvania
16.5%
New York
5%
Gaming
Which of these video games is set during the American Revolution?
Assassin's Creed III
50.3%
Fallout
18.7%
Call of Duty
20.9%
Legend of Zelda
5.1%
History
On the Centennial celebration of July 4, 1876, how many states were there in the Union?
37
48.6%
50
3.3%
25
17.3%
42
27.1%
Language
In addition to English, Thomas Jefferson could speak all of the following languages except:
German
48.1%
French
3.9%
Latin
14.6%
Italian
29%
Miscellaneous
At which institution did Thomas Jefferson receive his advanced education?
College of William and Mary
42%
University of Virginia
30.4%
Harvard University
12.5%
University of Pennsylvania
11.7%
Just For Fun
Fireworks containing lithium and strontium produce what color?
Red
37.4%
Blue
29.4%
White
14.1%
Green
16.1%
Literature
What is the first word of the text of the Declaration of Independence?
When
29.6%
The
3.7%
We
60.8%
Liberty
1.8%

You're not logged in!

Compare scores with friends on all Sporcle quizzes.
OR
Log In

Sporcle TV

Today on Sporcle TV


Watch our educational content, quiz creation guides, and fun videos on Sporcle TV.

Show Comments

Extras

Top Quizzes Today


Score Distribution

Your Account Isn't Verified!

In order to create a playlist on Sporcle, you need to verify the email address you used during registration. Go to your Sporcle Settings to finish the process.

Report this User

Report this user for behavior that violates our Community Guidelines.

Details: